Phân tích các yếu tố tác động thu nhập hộ nghèo Vĩnh Long : Luận văn thạc sĩ kinh tế chuyên ngành quản trị kinh doanh
Đề tài tập trung phân tích các yếu tố tác động thu thập hộ nghèo, có yếu tố tác động làm giảm thu nhập hộ nghèo. Các phương pháp sử dụng hồi quy đa biến
保存先:
| 第一著者: | |
|---|---|
| フォーマット: | 図書 |
| 言語: | Undetermined |
| 出版事項: |
Cần Thơ
Trường Đại học Cần Thơ
2009
|
| 主題: | |
| タグ: |
タグ追加
タグなし, このレコードへの初めてのタグを付けませんか!
|
| Thư viện lưu trữ: | Trung tâm Học liệu Trường Đại học Cần Thơ |
|---|
| LEADER | 01102nam a2200229Ia 4500 | ||
|---|---|---|---|
| 001 | CTU_162008 | ||
| 008 | 210402s9999 xx 000 0 und d | ||
| 082 | |a 338.13 | ||
| 082 | |b T311 | ||
| 088 | |a 60340102 | ||
| 100 | |a Trần, Trọng Tín | ||
| 245 | 0 | |a Phân tích các yếu tố tác động thu nhập hộ nghèo Vĩnh Long : | |
| 245 | 0 | |b Luận văn thạc sĩ kinh tế chuyên ngành quản trị kinh doanh | |
| 245 | 0 | |c Trần Trọng Tín ; Hồ Đức Hùng (hướng dẫn khoa học) | |
| 260 | |a Cần Thơ | ||
| 260 | |b Trường Đại học Cần Thơ | ||
| 260 | |c 2009 | ||
| 520 | |a Đề tài tập trung phân tích các yếu tố tác động thu thập hộ nghèo, có yếu tố tác động làm giảm thu nhập hộ nghèo. Các phương pháp sử dụng hồi quy đa biến | ||
| 650 | |a Agriculture,Nông nghiệp | ||
| 650 | |x Economic aspects,Khía cạnh kinh tế | ||
| 904 | |i T Thu,Qhieu | ||
| 980 | |a Trung tâm Học liệu Trường Đại học Cần Thơ | ||